| 000 | 00660nam a2200229 i 4500 | ||
|---|---|---|---|
| 001 | 77952 | ||
| 003 | ES-MaACL | ||
| 005 | 20250819055514.0 | ||
| 007 | t| | ||
| 008 | 041116s2004 sp ||||1| spa d | ||
| 020 | _a84-370-5910-0 | ||
| 080 | _a94(460)"1939/75" | ||
| 080 | _a329.18(460) | ||
| 100 | 1 |
_aSaz, Ismael. _9104114 |
|
| 245 | 1 | 0 |
_aFascismo y franquismo / _cIsmael Saz Campos. |
| 260 |
_aValència : _bUniversitat, _c2004. |
||
| 300 |
_a291 p. ; _c24 cm. |
||
| 650 | 1 | 4 |
_aFascismo- _zEspaña _912729 |
| 651 | 4 |
_aEspaña- _xHistoria- _y1939-1975, Dictadura. _9167928 |
|
| 852 |
_aES-MaACL _jL-28457 _bR.134260 |
||
| 999 |
_c77952 _d77952 |
||